Normal view
MARC view
Entry Topical Term
001 - CONTROL NUMBER
- control field: 695820
003 - CONTROL NUMBER IDENTIFIER
- control field: OSt
005 - DATE AND TIME OF LATEST TRANSACTION
- control field: 20221007080910.0
008 - FIXED-LENGTH DATA ELEMENTS
- fixed length control field: 221007|| aca||aabn | a|a d
040 ## - CATALOGING SOURCE
- Original cataloging agency: OSt
- Transcribing agency: OSt
150 ## - HEADING--TOPICAL TERM
- Topical term or geographic name entry element: General education
670 ## - SOURCE DATA FOUND
- Source citation: Work cat.: (OSt)1161288: Conant James Bryant Au. 695819, General education in a free society, 1952
